Athletic Presidents Quiz Stats

 Plays Quiz Updated Jan 18, 2021

Support Sporcle.
Go Orange.
Score 0/17 Timer 04:00
0 Plays Today
% Correct
Barack Obama
93.6%
Jimmy Carter
93.3%
George H.W. Bush
89.8%
Bill Clinton
87.5%
John F. Kennedy
86.6%
Gerald Ford
76.1%
Ronald Reagan
75.3%
Harry Truman
73.2%
William Taft
71.8%
% Correct
Franklin D. Roosevelt
69.2%
Richard Nixon
68.9%
Calvin Coolidge
55.8%
Donald Trump
55.1%
George W. Bush
53.2%
Theodore Roosevelt
42.1%
Dwight Eisenhower
39%
Joe Biden
32.7%

You're not logged in!

Compare scores with friends on all Sporcle quizzes.
OR
Log In

From the Vault

One Letter From a Country

by iglew

Sporcle: Stealing letters since 2007.
Remove Ads.
Support Sporcle.
Get the best of Sporcle when you Go Orange. This ad-free experience offers more features, more stats, and more fun while also helping to support Sporcle. Thank you for becoming a member.

Show Comments

Extras

Top Quizzes Today


Score Distribution

Your Account Isn't Verified!

In order to create a playlist on Sporcle, you need to verify the email address you used during registration. Go to your Sporcle Settings to finish the process.

Report this User

Report this user for behavior that violates our Community Guidelines.

Details: